000 00937cam a22003137a 4500
003 CHAP
005 20220329140841.0
008 971013s1969 r 00010 d
010 _a58602
011 _a59574
035 _a63733
040 _cCHAP
082 _a574.87
_bS83c 1969
100 0 0 _aSwanson, Carl P.
_9110864
245 1 4 _aThe cell
250 _a3 ed.
260 _aEnglewood Cliffs, N.J. :
_bPrentice-Hall,
_c1969
300 _a150 p.
_b: ilus.
490 0 _aFoundations of modern biology series
590 _aBATCH-UPD
_b10
_c20130110
_lUCH01
_h1848
590 _aBATCH-UPD
_b10
_c20130410
_lUCH01
_h1217
590 _aBATCH-UPD
_b10
_c20130914
_lUCH01
_h0943
590 _aCONVERSION
_b10
_c20130109
_lUCH01
_h1331
650 1 4 _aCitologĂ­a.
_923489
830 0 _aFoundations of modern biology series
_942759
901 _aBK
942 _cLIBRO
949 _a574.87 S83c 1969
_bBC
_cLIBRO
_d-137296
_eLIBRO
_h13301
_i63733
_si
999 _c58602
_d58602